000 00389nam a22001457a 4500
005 20200706093255.0
008 200706b xxu||||| |||| 00| 0 eng d
082 _a345.4 AIR
110 _aAll INDIA REPORTAR
_96279
245 _aALL INDIA REPORTER 1980 [V-67] ALLAHABAD SECTION
260 _aMUMBAI
_bALL INDIA REPORTER PVT
_c1980
300 _a370p.
650 _aLAW
_95701
942 _cJRL
999 _c7395
_d7393